00227nam a2200085Ia 4500008004100000100002300041245002000064260004800084260000900132170620s9999 xx 000 0 und d aPindyck- Robert S. 0aMicro Economics bNew Delhi- Prentice Hall of India Pvt. Ltd. c2000